Statistiques concernant Disney paroles - Je voudrais déjà être roi (Le Roi Lion)

Cliquez ici pour prendre le quiz!

Statistiques générales

  • Ce quiz a été pris 810 fois
  • Le résultat moyen est 175 sur 231

Statistiques - réponses

QuiRéponse% Correct
roi !
100%
roi
100%
de
99%
je
99%
SimbaJe
99%
et
98%
voudrais
98%
à
97%
a
97%
déjà
97%
être
97%
la
97%
SimbaLe
96%
le
96%
si
96%
ZazuSi
96%
un
96%
ce
95%
ZazuCe
95%
avec
94%
du
94%
peu
94%
c'est
93%
Choeur | Simba | ZazuC'est
93%
c'est...
93%
des
93%
en
92%
grand
92%
moi
92%
poils.
92%
Simba
92%
Simba,
92%
une
92%
dans
91%
faire
91%
royaume
91%
rugissement
91%
bestial.
90%
fois
90%
première
90%
qu'on
90%
te
90%
animal.
89%
entrée
89%
grands
89%
ne
89%
pas...
89%
ZazuPas
89%
pas
89%
triomphale
89%
voit
89%
vais.
88%
vais
88%
cours
87%
tu
87%
ZazuTu
87%
royalement
86%
poussant
83%
très
83%
ZazuMajesté
80%
coude.
78%
que...
77%
que
77%
SimbaMon
76%
me
75%
mouches
75%
ta
74%
n'a
73%
qui
73%
dit
69%
d'une
69%
est
69%
ferme
69%
conseils
68%
corneille.
68%
lion
68%
lion,
68%
monarchie
68%
on
68%
adieu
67%
as
67%
au
67%
SimbaAu
67%
boutique.
67%
ça !
67%
ça...
67%
plait !
67%
veux
67%
ZazuIl
66%
l'Afrique !
66%
langue
66%
confonds
65%
Les
65%
votre
65%
sans
64%
SimbaSans
64%
vieille
64%
coeur.
63%
coeur
63%
parle
62%
qu'il
62%
NalaTiens
62%
trompe
62%
encore !
61%
encore
61%
grandeur
60%
temps
60%
59%
république,
59%
tyrranie,
59%
garde,
58%
Prend
58%
voie.
58%
vive
57%
bien
56%
chemin
56%
dire
56%
sera
56%
long
55%
tête
55%
mule...
54%
nouveau
53%
soleil
53%
fait
52%
jamais
52%
animaux
51%
l'Ouest.
50%
nouvelle.
50%
Regardez
49%
l'Est.
48%
ciel.
46%
frontière !
46%
jusqu'au
45%
Simba et NalaReste
45%
peux
44%
monte
43%
pouvoir
43%
répandent
43%
ici !
42%
ici
42%
croire.
41%
conteste
40%
dis
38%
SimbaSurtout
33%
faut
32%
assieds-toi !
29%
Zazuj'essaie
28%
ZazuNon !
28%
quand
28%
rumeur
28%
altesse,
25%
ZazuAh
23%
ZazuD'ailleurs
22%
pitié,
18%
secours !
18%
comprennes
15%
ZazuRestez
14%
tait-toi.Ce
1%

Distribution des résultats

Percentile par nombre de réponses

% des personnes avec chaque résultat

Votre développement - résultats

Vous n’avez pas pris ce quiz